000 00464ntaaa2200193 4500
003 01
005 20251027202802.0
008 0714s1973 ag 01
040 _aAR-BaBN
_bspa
_cAR-BaBN
_eaacr
_dRIC
082 _a852.0000 F11
100 _aFabbri, Diego
_928126
245 _aProceso a Jesús
250 _a1 ed.
260 _aBuenos Aires :
_bEdiciones del Carro de Tespis,
_c1959
300 _a87 p
650 _ateatro
650 _aJesucristo
942 _cBK
999 _c23180
_d23180